00510nam a2200169Ia 4500003000900000008004100009040001600050080001300066100002700079245011800106250001200224260004000236300001500276650001500291650001400306700002000320IN-BaIIA211028s9999 xx 000 0 eng d cIIA Library a537bPAN aPanofsky, Wolfgan K. H 0aClassical electricty and magnetismcWolfgan K. H Panofsky and Melba Phillips  a2nd ed. aMassachusettsbAddison-Wesleyc1964 axii, 399p. aElectricty aMagnetism aPhillips, Melba